| 000 | 01643nam a2200205Ia 4500 | ||
|---|---|---|---|
| 001 | b6496-46521 | ||
| 003 | IT-MiCISF | ||
| 008 | 161014s9999||||xx |||||||||||||| ||und|| | ||
| 040 |
_aIT-MiCISF _cIT-MiCISF |
||
| 041 | _ait | ||
| 100 | _aCampanini Giorgio | ||
| 245 | 0 |
_aFamiglia, storia, società _bStudi e ricerche |
|
| 250 | _a1a ed. | ||
| 260 |
_a Roma _bStudium _c2008 |
||
| 300 | _app. 293 | ||
| 500 | _a / famiglia, storia, società, genitorialità, chiesa, politica-familiare, sessualità, matrimonio / La famiglia è stata assoggettata negli ultimi due secoli ad un processo di accentuata privatizzazione: quella che era stata, per una lunghissima stagione della storia dell'umanità, una delle strutture portanti della società appare oggi come una sorta di ultimo rifugio della vita personale. Nonostante tutto, per altro, la famiglia mantiene una sua fondamentale dimensione sociale, come dimostra la sua stessa storia, in questo volume ripercorsa nelle sue grandi linee. Di qui l'importanza, anche alla luce della lezione del passato, di fare il punto sulla situazione presente della famiglia, per recuperare il senso di un'istituzione che - nonostante le profonde trasformazioni che ha conosciuto - continua ad essere per la maggioranza degli uomini e delle donne un eminente ed insostituibile "luogo dell'umano". Della salvaguardia e della valorizzazione di questo "luogo" anche i pubblici poteri sono chiamati a farsi carico, attraverso lungimiranti politiche familiari, di cui vengono qui proposti i tratti essenziali. | ||
| 650 |
_a Famiglia nella società / famiglia _e006 |
||
| 942 | _cBK | ||
| 957 | _71 | ||
| 999 |
_a46521 _bsi _g1 _c210543 _d210543 |
||